LEADER 01221nam a2200277 i 4500 001 000000223334 003 CaOOAMICUS 005 20131009000000.0 008 131009s2008 it u000 u ita u 013 $a202231 020 $a978-88-95993-04-1 040 $aSeMil$bita 245 10$aFranco Bogge :$bil fotografo di Oropa /$ca cura di Gian Paolo Chiorino e Danilo Craveia. 260 $aBiella :$bCentro Studi Biellesi,$c2008. 300 $a96 p. :$bill. ;$c22x22 cm. 500 $aCatalogo della mostra: Santuario di Oropa, Sale della Dottrina, 29 giugno-13. - Fondo card. C. M. Martini. 650 4$aOropa - Santuario di Oropa.$0(OLS)http://semarc/subject/45119 700 1 $aCraveia, Danilo.$0(OLS)http://semarc/name/77910 700 1 $aChiorino, Gian Paolo.$0(OLS)http://semarc/name/77909 850 $aSeMil 852 $aSeMil$W1$xVenegono$y1$m3P II 340$j173680$B173680$CSeMilBibl$Z2$F185441 $81 941 1 $a4 961 $aLascito: Martini Card. Carlo Maria 996 $6020$a978-88-95993-04-1$9(OLS)http://semarc/number/223272 996 $6245$aFranco Bogge :$bil fotografo di Oropa$9(OLS)http://semarc/title/320262 996 $6260$aBiella :$bCentro Studi Biellesi$9(OLS)http://semarc/publisher/46430 LEADER 01214nam a2200277 i 4500 001 000000092236 003 CaOOAMICUS 005 20170216000000.0 008 170216s2016 it u000 u ita u 013 $a64478 020 $a978-88-6671-370-8 040 $aSeMil$bita 100 0 $aFranciscus I,$c.$0(OLS)http://semarc/name/2737 245 10$aLettera apostolica Misericordia et misera a conclusione del giubileo straordinario della misericordia /$cFrancesco. 260 $aGorle :$bVelar,$ccopyr. 2016. 300 $a47 p. ;$c21 cm. 650 4$aFrancesco I - Misericordia divina.$0(OLS)http://semarc/subject/16290 850 $aSeMil 852 $aSeMil$W1$xVenegono$y1$m5B III 41/6$j55135$B55135$CSeMilBibl$Z2$F59837 $81 900 1 $aBergoglio, Jorge Mario,$d<1936-2025>. 900 0 $aFrancesco I$c. 996 $6020$a978-88-6671-370-8$9(OLS)http://semarc/number/272138 996 $6245$aLettera apostolica Misericordia et misera a conclusione del giubileo straordinario della misericordia$9(OLS)http://semarc/title/406153 996 $6260$aGorle :$bVelar$9(OLS)http://semarc/publisher/33489